Регионална библиотека "Любен Каравелов" - Русе

Монументалната пропаганда (Запис номер 64021)

MARC детайли
000 -Лидер
Контролно поле с фиксирана дължина 01381nam a2200325 c 4500
003 - Код на организацията, давaща контролен номер
Контролно поле BLK
005 - Дата и час на последна редакция
Контролно поле 20230627115150.0
008 - Елементи от данни с фиксирана дължина
fixed length control field 180408b bul|||||r ||||||| ||bul||
010 ## - Наследен системен номер
LC control number KNG00068286000
020 ## - Международен стандартен номер на книга ISBN
Международен стандартен номер на книга ISBN 954-9772-33-0
-- издат.: Факел експрес - (Факел експрес)
020 ## - Международен стандартен номер на книга ISBN
Международен стандартен номер на книга ISBN 954-491-211-8
-- издат.: Жанет 45 - (Жанет 45)
040 ## - Източник на каталожния запис
Идентификатор на билиотеката - собственик на записа BLK
041 ## - Код за език
Код за езика на текст/звукозапис или на отделно заглавие Български
Код за езика КДБФ Български
080 ## - УДК
Текстов определител УДК Руска литература
УДК код - определител по УДК 821.161.1
УДК определител -31
УДК - код + определител 821.161.1-31
100 1# - Редна дума - Автор
Автор Войнович, Владимир Николаевич
Авторска отговорност първи автор
R(LIN) 269059
139 ## - Редно поле
Редна дума Войнович, Владимир Николаевич
Авторски знак Воини - В 80
245 10 - Сведения за заглавието
Заглавие Монументалната пропаганда
Подзаглавни данни Роман
Редно поле (дума) Владимир Николаевич Войнович; прев. от рус. Иван Димитров Тотоманов.
257 ## - Страна на издаване
Страна на създаване/издаване Русия
260 ## - Област на издателските данни
-- София ; Пловдив
Име на издателя, разпространителя и проч. Факел експрес
-- Жанет 45
Година на издаване 2005
Печатница Пловдив : Жанет 45
300 ## - Физическа характеристика
Страници 328 с.
Размери/Мащаб 20 см
380 ## - Жанр
Жанр Худож. лит.
490 1# - СЕРИИ (Колекции)
Име на серия Нова проза
№: серия 4
700 ## - Други автори (авторска отговорност)
Лично име Тотоманов, Иван Димитров, 1953 -
9 (RLIN) 367882
852 ## - Местоположение
Форматна сигнатура Цб 229283
856 4# - Електронен адрес и достъп
Електронен формат pdf - файл
Път до файла /url/
856 4# - Електронен адрес и достъп
Електронен формат pdf - файл
Път до файла /url/
942 ## - АРТИКУЛИ
Вид на библиотечния материал Книги
Скрит в OPAC Не
944 ## - СЪЗДАВАНЕ И РЕДАКЦИЯ на ЗАПИСА
Създаване/Редакция Създаване
Дата на регистрацията/редакция 02.10.2006
Служител, извършил регистрацията/редакцията Геновева_Генчева
944 ## - СЪЗДАВАНЕ И РЕДАКЦИЯ на ЗАПИСА
Създаване/Редакция Редакция
Дата на регистрацията/редакция 05.10.2006
Служител, извършил регистрацията/редакцията
999 ## - СИСТЕМНИ КОНТРОЛНИ НОМЕРА
Koha biblionumber 64021
Koha biblioitemnumber 64021
Наличности
Код за отписване Код за изгубен артикул Код за повреда Коз за рестрикции Код за отдаване Артикулен № Име на библиотеката - собственик Име на библиотеката, в която се намира в момента Статус (Текущо местоположение) Дата на вписване в системата Местоположение - отдел Цена в лева Инвентарен номер Систематично азбучна сигнатура Баркод Номер на екземпляра Цена в евро Служебна бележка Служебен тип на артикула
  Не е изгубен Не е повреден без рестрикции ползва се в читалня 106088 Регионална библиотека "Любен Каравелов" Русе Регионална библиотека "Любен Каравелов" Русе Хранилище 2006-10-02 Хранилище 9.99 120000705483 Цб 229283 120000705483 1 5.11 Дост: Dp Вид: Д N: 41 Дата: 28.09.2005 Книги
Vip Innovations Ltd, Rousse, Bulgaria 2025